| 000 | 00615pam a2200193 a 4500 | ||
|---|---|---|---|
| 020 | _a0471839817 (cloth) | ||
| 040 | _cDLC | ||
| 082 | 0 | 0 | _a624 WIL 1993 A047 Or. |
| 100 | 1 | _aKrinitzsky, E. L. | |
| 245 | 1 | 0 | _aFundamentals of earthquake-resistant construction / |
| 260 |
_aNew York : _bWiley, _cc1993. |
||
| 300 |
_axxiii, 299 p. : _bill. ; _c25 cm. |
||
| 650 | 0 | _aEarthquake resistant design. | |
| 700 | 1 | _aGould, James P. | |
| 700 | 1 | _aEdinger, Peter H. | |
| 856 | 4 | 2 | _uhttp://www.loc.gov/catdir/description/wiley031/92020059.html |
| 856 | 4 | _uhttp://www.loc.gov/catdir/toc/onix01/92020059.html | |
| 942 | _cEK | ||
| 999 |
_c13584 _d13584 |
||